[Event "Dhaka Bangabandhu op-A"]
[Site "Dhaka"]
[Date "2021.03.16"]
[Round "8"]
[White "Mihir Lal, Das"]
[Black "Chatterjee, Debaraj"]
[Result "1-0"]
[WhiteElo "1964"]
[BlackElo "2223"]
[PlyCount "170"]
[EventDate "2021.03.09"]
[EventType "swiss"]
[EventRounds "9"]
[EventCountry "BAN"]
[SourceTitle "CBM 201 Extra"]
[Source "ChessBase"]
[SourceDate "2021.05.31"]
[SourceVersion "1"]
[SourceVersionDate "2021.05.31"]
[SourceQuality "1"]

1. e4 c5 2. Nf3 d6 3. d4 cxd4 4. Nxd4 Nf6 5. Nc3 a6 6. Bg5 e6 7. Qd2 Be7 8. 0-0-0 h6 9. Bh4 Nbd7 10. Kb1 Nc5 11. Bxf6 Bxf6 12. Nb3 Nxb3 13. axb3 Be7 14. f4 0-0 15. g4 b5 16. h4 Bb7 17. Bd3 b4 18. Na4 Qa5 19. Qe2 Bc6 20. g5 h5 21. Qxh5 Bb5 22. Rdf1 Bxd3 23. cxd3 d5 24. f5 dxe4 25. dxe4 exf5 26. exf5 Qd5 27. Qg4 Qxb3 28. Nb6 Rad8 29. Rd1 Rxd1+ 30. Rxd1 Rd8 31. Nd7 Rc8 32. Qe2 Qc4 33. Qxc4 Rxc4 34. Re1 Bd6 35. g6 fxg6 36. fxg6 Rc8 37. Re6 Bg3 38. Rxa6 Bxh4 39. Ka2 Rd8 40. Ra7 Be1 41. Rb7 Bd2 42. Kb3 Be1 43. Kc4 Bd2 44. Kb5 Re8 45. Kb6 Re6+ 46. Kb5 Re8 47. b3 Be1 48. Kb6 Re6+ 49. Kc5 Re8 50. Kd5 Bc3 51. Rb8 Rxb8 52. Nxb8 Kf8 53. Ke6 Ke8 54. Nc6 Be1 55. Nd4 Bd2 56. Nf5 Bc3 57. Nd6+ Kf8 58. Kd7 Be1 59. Ne4 Bc3 60. Ng5 Be1 61. Ne6+ Kg8 62. Ke8 Bf2 63. Nc7 Bg3 64. Nd5 Be1 65. Ne7+ Kh8 66. Kf7 Bc3 67. Ke6 Be1 68. Kd5 Bh4 69. Nc6 Be1 70. Kc4 Kg8 71. Nxb4 Kf8 72. Nc6 Ke8 73. Kd5 Kd7 74. b4 Bf2 75. Ne5+ Ke7 76. b5 Bg1 77. Nf3 Bb6 78. Ne5 Bg1 79. Ng4 Ba7 80. Ke5 Bb8+ 81. Kf5 Ba7 82. Ne5 Bg1 83. Nf7 Bd4 84. Ne5 Bg1 85. Nc4 Kd7 1-0

[Event "Dhaka Bangabandhu op-A"]
[Site "Dhaka"]
[Date "2021.03.15"]
[Round "7"]
[White "Mihir Lal, Das"]
[Black "Subrota, Biswas"]
[Result "1/2-1/2"]
[WhiteElo "1964"]
[BlackElo "2262"]
[PlyCount "90"]
[EventDate "2021.03.09"]
[EventType "swiss"]
[EventRounds "9"]
[EventCountry "BAN"]
[SourceTitle "CBM 201 Extra"]
[Source "ChessBase"]
[SourceDate "2021.05.31"]
[SourceVersion "1"]
[SourceVersionDate "2021.05.31"]
[SourceQuality "1"]

1. d4 d5 2. Nf3 Nf6 3. g3 c5 4. c3 Nc6 5. Bg2 Bg4 6. 0-0 cxd4 7. cxd4 e6 8. Ne5 Nxe5 9. dxe5 Nd7 10. Nc3 Bb4 11. Qd4 Bxc3 12. Qxg4 Bxe5 13. e4 0-0 14. exd5 exd5 15. Rd1 Nf6 16. Qf5 Re8 17. Bg5 d4 18. f4 Bc7 19. Rac1 Re6 20. Bxb7 Rb8 21. Bxf6 Rxf6 22. Qe4 Re6 23. Qf3 Qe7 24. Rd3 g6 25. b3 Re1+ 26. Rxe1 Qxe1+ 27. Kg2 Rxb7 28. Qxb7 Qe2+ 29. Kg1 Qxd3 30. Qxc7 Qe3+ 31. Kf1 Qf3+ 32. Kg1 d3 33. Qb8+ Kg7 34. Qe5+ Kh6 35. Qg5+ Kg7 36. Qe5+ f6 37. Qe7+ Kh6 38. Qf8+ Kh5 39. Qxf6 Qe3+ 40. Kg2 Qe2+ 41. Kg1 Qd1+ 42. Kg2 Qe2+ 43. Kg1 Qe3+ 44. Kg2 Qe4+ 45. Kf2 Qe2+ 1/2-1/2

[Event "Dhaka Bangabandhu op-A"]
[Site "Dhaka"]
[Date "2021.03.13"]
[Round "5"]
[White "Mihir Lal, Das"]
[Black "Masum, Hossain"]
[Result "1/2-1/2"]
[WhiteElo "1964"]
[BlackElo "2054"]
[PlyCount "53"]
[EventDate "2021.03.09"]
[EventType "swiss"]
[EventRounds "9"]
[EventCountry "BAN"]
[SourceTitle "CBM 201 Extra"]
[Source "ChessBase"]
[SourceDate "2021.05.31"]
[SourceVersion "1"]
[SourceVersionDate "2021.05.31"]
[SourceQuality "1"]

1. d4 d5 2. c4 dxc4 3. e3 Nf6 4. Bxc4 e6 5. Nf3 c5 6. 0-0 a6 7. dxc5 Qxd1 8. Rxd1 Bxc5 9. a3 Nbd7 10. Bd2 b6 11. Nc3 Bb7 12. Be2 0-0 13. Rac1 Rac8 14. Be1 Rc7 15. b4 Be7 16. Na2 Rfc8 17. Rxc7 Rxc7 18. Rc1 Ne8 19. Rxc7 Nxc7 20. Nd2 b5 21. Nb3 Bd5 22. Bd1 f5 23. Bc3 Ne8 24. Nac1 Kf7 25. Nd3 Nb6 26. Bb2 Nc4 27. Bc1 1/2-1/2

[Event "Dhaka Bangabandhu op-A"]
[Site "Dhaka"]
[Date "2021.03.12"]
[Round "4"]
[White "Mohammad, Javed"]
[Black "Mihir Lal, Das"]
[Result "1/2-1/2"]
[WhiteElo "2191"]
[BlackElo "1964"]
[PlyCount "210"]
[EventDate "2021.03.09"]
[EventType "swiss"]
[EventRounds "9"]
[EventCountry "BAN"]
[SourceTitle "CBM 201 Extra"]
[Source "ChessBase"]
[SourceDate "2021.05.31"]
[SourceVersion "1"]
[SourceVersionDate "2021.05.31"]
[SourceQuality "1"]

1. e4 c5 2. Nf3 e6 3. d4 cxd4 4. Nxd4 Nf6 5. Nc3 Nc6 6. Ndb5 d6 7. Bf4 e5 8. Bg5 a6 9. Na3 b5 10. Nd5 Be7 11. Bxf6 Bxf6 12. c3 Bg5 13. Nc2 0-0 14. a4 Rb8 15. axb5 axb5 16. Bd3 f5 17. 0-0 fxe4 18. Bxe4 Ne7 19. Ncb4 Qe8 20. Ra7 Nxd5 21. Qxd5+ Qe6 22. Nc6 Rb6 23. Ra8 Bd7 24. Rfa1 g6 25. R8a7 Rf7 26. Rd1 Kg7 27. Qxe6 Bxe6 28. Rxf7+ Bxf7 29. Rxd6 Be8 30. g3 Bc1 31. b3 Bb2 32. c4 bxc4 33. bxc4 Bd4 34. Kf1 Bc5 35. Re6 Bd7 36. Rxe5 Bxc6 37. Bxc6 Rxc6 38. Re2 Kf6 39. Kg2 Re6 40. Rd2 Re4 41. Rc2 Rd4 42. Kf3 h6 43. h3 Ke5 44. Re2+ Kd6 45. Re8 Kd7 46. Rg8 Rd6 47. Kg2 Ke7 48. f4 Kf6 49. Rc8 Rd2+ 50. Kf3 Bg1 51. c5 Rc2 52. c6 Bb6 53. g4 Rc3+ 54. Ke4 Rxh3 55. c7 Re3+ 56. Kd5 Rd3+ 57. Kc4 Rd4+ 58. Kc3 Bxc7 59. Kxd4 Bxf4 60. Ke4 Kg5 61. Kf3 Bd6 62. Rc6 Bh2 63. Rc5+ Kh4 64. Rc6 Kg5 65. Rc5+ Kh4 66. Rc1 Kg5 67. Rc2 Bd6 68. Rd2 Bc7 69. Rd5+ Kh4 70. Rd7 Bh2 71. Rg7 Kg5 72. Rg8 Bc7 73. Rc8 Bd6 74. Rc6 Bb8 75. Ke4 h5 76. gxh5 Kxh5 77. Rc5+ Kg4 78. Rc1 Ba7 79. Ra1 Bf2 80. Ra2 Bg3 81. Rg2 g5 82. Rg1 Kh3 83. Rh1+ Bh2 84. Rc1 Kg4 85. Ra1 Bf4 86. Rg1+ Bg3 87. Rg2 Kh3 88. Ra2 Kg4 89. Ra4 Bf4 90. Ra1 Bh2 91. Ra2 Bg3 92. Rg2 Kh3 93. Rg1 Kg4 94. Ke3 Kh3 95. Rb1 Kg4 96. Rb4+ Bf4+ 97. Kf2 Kf5 98. Kf3 g4+ 99. Kf2 Be5 100. Ke3 g3 101. Kf3 Bd6 102. Rb5+ Ke6 103. Rb6 Kd5 104. Rxd6+ Kxd6 105. Kxg3 Ke5 1/2-1/2

[Event "Dhaka Saarc op"]
[Site "Dhaka"]
[Date "2019.12.02"]
[Round "8"]
[White "Mowla, Khondakar Nazre"]
[Black "Mihir Lal, Das"]
[Result "0-1"]
[WhiteElo "1864"]
[BlackElo "1948"]
[PlyCount "70"]
[EventDate "2019.11.25"]
[EventType "swiss"]
[EventRounds "9"]
[EventCountry "BAN"]
[SourceTitle "CBM 193 Extra"]
[Source "ChessBase"]
[SourceDate "2020.01.31"]
[SourceVersion "1"]
[SourceVersionDate "2020.01.31"]
[SourceQuality "1"]

1. d4 Nf6 2. c4 e6 3. Nc3 Bb4 4. a3 Bxc3+ 5. bxc3 c5 6. e3 Nc6 7. Nf3 0-0 8. Bd3 b6 9. e4 d6 10. 0-0 e5 11. d5 Na5 12. Bg5 h6 13. Bh4 Ba6 14. Nd2 g5 15. Bg3 Qd7 16. Rb1 Kg7 17. Kh1 Rh8 18. Re1 Rag8 19. Re3 h5 20. h4 Ng4 21. Rf3 Qe7 22. hxg5 h4 23. Bh2 Qxg5 24. Bg1 Bc8 25. Be2 Kf8 26. Bf1 Nf6 27. Bh2 Nh5 28. Rd3 Ng3+ 29. Kg1 Bg4 30. Qe1 Nxf1 31. Kxf1 Bh5 32. g3 hxg3 33. Bxg3 Qg4 34. Kg1 Qh3 35. Qf1 Qh1+ 0-1

[Event "Dhaka Saarc op"]
[Site "Dhaka"]
[Date "2019.11.29"]
[Round "5"]
[White "Hossain, Delwar"]
[Black "Mihir Lal, Das"]
[Result "1-0"]
[WhiteElo "2092"]
[BlackElo "1948"]
[PlyCount "79"]
[EventDate "2019.11.25"]
[EventType "swiss"]
[EventRounds "9"]
[EventCountry "BAN"]
[SourceTitle "CBM 193 Extra"]
[Source "ChessBase"]
[SourceDate "2020.01.31"]
[SourceVersion "1"]
[SourceVersionDate "2020.01.31"]
[SourceQuality "1"]

1. e4 c5 2. Nf3 Nc6 3. Bc4 g6 4. d4 cxd4 5. Nxd4 Bg7 6. Nxc6 bxc6 7. 0-0 Nf6 8. e5 Ng8 9. Re1 Nh6 10. Nc3 0-0 11. Bg5 Kh8 12. Ne4 Ng8 13. Bh4 Bxe5 14. Bxf7 Nh6 15. Bb3 Nf5 16. Bg5 d5 17. Ng3 Qd6 18. c3 Ba6 19. Bc2 Nxg3 20. hxg3 Rab8 21. Rb1 Rb7 22. Qd2 Bg7 23. Bh6 e5 24. Bxg7+ Kxg7 25. Bd3 Bxd3 26. Qxd3 Qf6 27. Qe3 d4 28. Qd2 c5 29. Re4 Rbf7 30. f3 h6 31. Rbe1 Re7 32. cxd4 cxd4 33. f4 Rfe8 34. Qb4 d3 35. fxe5 Rxe5 36. Rxe5 Rxe5 37. Qb7+ Kg8 38. Qb8+ Kh7 39. Qc7+ Kg8 40. Rxe5 1-0

[Event "Dhaka Saarc op"]
[Site "Dhaka"]
[Date "2019.11.27"]
[Round "3"]
[White "Mihir Lal, Das"]
[Black "Nafimal, Karim"]
[Result "1-0"]
[WhiteElo "1948"]
[BlackElo "1733"]
[PlyCount "101"]
[EventDate "2019.11.25"]
[EventType "swiss"]
[EventRounds "9"]
[EventCountry "BAN"]
[SourceTitle "CBM 193 Extra"]
[Source "ChessBase"]
[SourceDate "2020.01.31"]
[SourceVersion "1"]
[SourceVersionDate "2020.01.31"]
[SourceQuality "1"]

1. Nf3 Nf6 2. c4 e6 3. Nc3 d5 4. e3 Be7 5. b3 0-0 6. Bb2 b6 7. cxd5 exd5 8. Qc2 c5 9. d4 Bb7 10. Bd3 Nc6 11. a3 Rc8 12. 0-0 Re8 13. Rfd1 cxd4 14. exd4 Bd6 15. Bf5 Rc7 16. b4 Bc8 17. Re1 Bxf5 18. Rxe8+ Qxe8 19. Qxf5 Qd7 20. Qd3 Rc8 21. g3 Re8 22. Kg2 Bf8 23. b5 Na5 24. Ne5 Qb7 25. f3 Rc8 26. a4 Nc4 27. Bc1 Nxe5 28. dxe5 Qc7 29. exf6 Qxc3 30. Qxc3 Rxc3 31. Bf4 Rc2+ 32. Kh3 d4 33. Rd1 Rc4 34. Be5 gxf6 35. Rxd4 Rxd4 36. Bxd4 Kg7 37. Kg4 Kg6 38. Kf4 h5 39. Ke4 f5+ 40. Kd5 Bb4 41. h3 h4 42. g4 fxg4 43. fxg4 f5 44. gxf5+ Kxf5 45. Be5 Be1 46. Bb8 Ba5 47. Kc6 Ke4 48. Bxa7 Kf3 49. Bxb6 Be1 50. a5 Kg2 51. a6 1-0

[Event "Dhaka Saarc op"]
[Site "Dhaka"]
[Date "2019.11.26"]
[Round "2"]
[White "Mehdi, Hasan Parag"]
[Black "Mihir Lal, Das"]
[Result "1-0"]
[WhiteElo "2162"]
[BlackElo "1948"]
[PlyCount "101"]
[EventDate "2019.11.25"]
[EventType "swiss"]
[EventRounds "9"]
[EventCountry "BAN"]
[SourceTitle "CBM 193 Extra"]
[Source "ChessBase"]
[SourceDate "2020.01.31"]
[SourceVersion "1"]
[SourceVersionDate "2020.01.31"]
[SourceQuality "1"]

1. e4 Nf6 2. e5 Nd5 3. d4 d6 4. Nf3 Bg4 5. h3 Bh5 6. c4 Nb6 7. exd6 exd6 8. Be2 Be7 9. 0-0 0-0 10. Nc3 Re8 11. Be3 c6 12. b3 d5 13. c5 N6d7 14. b4 Bf6 15. Qd2 Na6 16. Rab1 Nc7 17. Rfe1 a6 18. Nh2 Bg6 19. Bd3 Bxd3 20. Qxd3 Bg5 21. Ng4 h5 22. Nh2 Qf6 23. Nf3 Bxe3 24. fxe3 Ne6 25. Rf1 Ng5 26. Nxg5 Qxg5 27. Rf3 Re7 28. e4 Rae8 29. exd5 Re1+ 30. Rxe1 Rxe1+ 31. Rf1 Rxf1+ 32. Kxf1 cxd5 33. Kf2 Nf6 34. Qe3 Qf5+ 35. Ke2 Qg6 36. g3 Qf5 37. a4 Qxh3 38. b5 Qg4+ 39. Kd2 Qd7 40. Qe5 axb5 41. axb5 Ne4+ 42. Nxe4 dxe4 43. b6 Qg4 44. Qf4 Qe6 45. Qb8+ Kh7 46. Qxb7 Qf5 47. Kc3 e3 48. Qe7 Qf3 49. b7 e2+ 50. Kd2 Qxg3 51. Qxe2 1-0

[Event "Dhaka Rating op"]
[Site "Dhaka"]
[Date "2019.05.24"]
[Round "3"]
[White "Mohammad, Javed"]
[Black "Mihir Lal, Das"]
[Result "1-0"]
[WhiteElo "2152"]
[BlackElo "1954"]
[PlyCount "63"]
[EventDate "2019.05.23"]
[EventType "swiss"]
[EventRounds "8"]
[EventCountry "BAN"]
[SourceTitle "EXT 2020"]
[Source "ChessBase"]
[SourceDate "2019.10.17"]
[SourceVersion "1"]
[SourceVersionDate "2019.10.17"]
[SourceQuality "1"]

1. e4 d5 2. exd5 Qxd5 3. Nc3 Qa5 4. d4 c6 5. Nf3 Bf5 6. Ne5 Nf6 7. Bd3 Bxd3 8. Qxd3 e6 9. Qg3 Nbd7 10. Bd2 Qc7 11. 0-0-0 Nxe5 12. dxe5 Nd5 13. Ne4 0-0-0 14. c4 Nb6 15. Ba5 Rxd1+ 16. Rxd1 Qe7 17. Qb3 g6 18. Bxb6 axb6 19. Qxb6 Bh6+ 20. Kb1 Qc7 21. Nd6+ Kb8 22. Qxc7+ Kxc7 23. Nxf7 Rf8 24. Nxh6 Rxf2 25. Rd6 Rxg2 26. Rxe6 Kd7 27. Rd6+ Ke7 28. Ng8+ Kf8 29. e6 Ke8 30. e7 Re2 31. Rd8+ Kf7 32. Rf8+ 1-0

[Event "Asia zt 3.2"]
[Site "Dhaka"]
[Date "2019.03.21"]
[Round "7"]
[White "Shrestha, Keshav"]
[Black "Mihir Lal, Das"]
[Result "1-0"]
[WhiteElo "2044"]
[BlackElo "2023"]
[PlyCount "160"]
[EventDate "2019.03.15"]
[EventType "swiss"]
[EventRounds "9"]
[EventCountry "BAN"]
[SourceTitle "CBM 189 Extra"]
[Source "ChessBase"]
[SourceDate "2019.06.03"]
[SourceVersion "1"]
[SourceVersionDate "2019.06.03"]
[SourceQuality "1"]

1. e4 c5 2. Nc3 Nc6 3. f4 e6 4. Nf3 d5 5. Bb5 a6 6. Bxc6+ bxc6 7. e5 h5 8. d3 Nh6 9. 0-0 Nf5 10. b3 Be7 11. Qe2 Qb6 12. Na4 Qa7 13. c4 Bd7 14. Qf2 h4 15. h3 Rh6 16. Ba3 d4 17. Bc1 f6 18. Bd2 Qc7 19. Rfe1 Kf7 20. Nh2 Rg6 21. Ng4 Ng3 22. Nh2 f5 23. Nf3 Rh6 24. Rab1 Rb8 25. Bc1 g6 26. Ba3 Qa7 27. Qd2 a5 28. Bc1 Kg7 29. Qf2 Rhh8 30. Bd2 Qc7 31. Red1 Ra8 32. Be1 Qd8 33. Qd2 Nh5 34. Bf2 Rh6 35. Kh2 Rb8 36. Rg1 Rb4 37. Be1 Rb8 38. Qc1 Bc8 39. Bd2 Ng3 40. Qe1 Ra8 41. Qf2 Bd7 42. Rge1 Ra7 43. Rb2 Bc8 44. Reb1 Bd7 45. Rg1 Bc8 46. Be1 Bd7 47. Rb1 Bc8 48. Bd2 Ra8 49. Rbd1 Ra7 50. Bc1 Ra6 51. Ba3 Qf8 52. Rge1 Kg8 53. Qd2 Rh5 54. Bc1 Qd8 55. Qf2 Bd7 56. Ng1 Rh6 57. Ne2 Nh5 58. Rg1 Kf7 59. Qf3 Qh8 60. Rdf1 Be8 61. Ba3 Qf8 62. g3 hxg3+ 63. Nxg3 Ra8 64. Nh1 Kg7 65. Nf2 Bf7 66. Rg2 Qh8 67. Rh1 Rg8 68. Bxc5 Bh4 69. Kg1 g5 70. fxg5 Rg6 71. Be7 Be8 72. Bf6+ Nxf6 73. gxf6+ Kf7 74. Rxg6 Rxg6+ 75. Kf1 Rg3 76. Qf4 Qh5 77. Qxd4 Qf3 78. Qxh4 Qe3 79. Qh7+ Kf8 80. Qe7+ Kg8 1-0